[Event "FSV-ch 2010"]
[Site "Dortmund"]
[Date "2010.07.01"]
[Round "9.9"]
[White "Milonas, Georgios"]
[Black "Dite, Alexander"]
[Result "1-0"]
[WhiteElo "1528"]
[BlackElo "1617"]
[PlyCount "159"]
[EventDate "2010.??.??"]

1. e4 c6 2. d4 d5 3. Nc3 dxe4 4. Nxe4 Bf5 5. Ng3 Bg6 6. h4 h6 7. Nf3 Nd7 8. h5
Bh7 9. Bd3 Bxd3 10. Qxd3 e6 11. Bf4 Qa5+ 12. Bd2 Bb4 13. c3 Be7 14. Qc2 Ngf6
15. b4 Qb6 16. Ne4 Ng4 17. Nc5 Nxc5 18. bxc5 Qc7 19. g3 b5 20. Qe4 Nf6 21. Qe5
Qd7 22. Bf4 O-O 23. Qe2 Qd5 24. Rg1 Qe4 25. Qxe4 Nxe4 26. Bd2 a5 27. Ne5 Ra6
28. f3 Nf6 29. g4 Rd8 30. g5 Nxh5 31. gxh6 g6 32. h7+ Kg7 33. Ke2 Bf6 34. h8=Q+
Rxh8 35. Nd7 Rd8 36. Nxf6 Nxf6 37. Bg5 Rd5 38. Bxf6+ Kxf6 39. Rg4 Ra8 40. Ke3
a4 41. a3 Rh8 42. Rag1 Rh2 43. R1g2 Rdh5 44. Rf4+ Kg7 45. Rfg4 Rxg2 46. Rxg2
Rh1 47. Ra2 Rb1 48. Ke4 f6 49. Kd3 Rb3 50. Re2 Kf7 51. Ra2 f5 52. f4 Kf6 53.
Ra1 g5 54. fxg5+ Kxg5 55. Rg1+ Kf4 56. Re1 Rxa3 57. Rxe6 Ra1 58. Rxc6 Rh1 59.
Rb6 Rh8 60. Rxb5 Ra8 61. c6 a3 62. Rb1 Kg3 63. c7 Rc8 64. Ra1 Rxc7 65. Rxa3 f4
66. Ra2 f3 67. c4 f2 68. Ra1 Kg2 69. d5 Re7 70. Ra2 Re1 71. Kd4 Kf3 72. Rxf2+
Kxf2 73. c5 Rd1+ 74. Ke5 Ke3 75. d6 Kd3 76. c6 Re1+ 77. Kd5 Rc1 78. c7 Ke3 79.
Ke6 Rc6 80. Kd7 1-0

[Event "FSV-ch 2010"]
[Site "Dortmund"]
[Date "2010.07.01"]
[Round "9.10"]
[White "Grube, Jörg"]
[Black "Haufe, Sven"]
[Result "1-0"]
[WhiteElo "1804"]
[BlackElo "1397"]
[PlyCount "27"]
[EventDate "2010.??.??"]

1. d4 d5 2. Nf3 Nf6 3. e3 e6 4. Bd3 c5 5. c3 cxd4 6. exd4 Nc6 7. O-O Bd6 8. Re1
O-O 9. Bg5 h6 10. Bh4 a6 11. Nbd2 b5 12. Ne5 Bb7 13. Bxf6 Qxf6 14. Nd7 1-0

[Event "FSV-ch 2010"]
[Site "Dortmund"]
[Date "2010.07.01"]
[Round "9.11"]
[White "Krüger, Georg"]
[Black "Behler, Nils"]
[Result "0-1"]
[WhiteElo "1578"]
[BlackElo "1761"]
[PlyCount "62"]
[EventDate "2010.??.??"]

1. e4 e5 2. Bc4 Nf6 3. d3 c6 4. Nf3 Be7 5. O-O d6 6. c3 O-O 7. h3 Nbd7 8. Re1
a5 9. a4 Nc5 10. Nbd2 Bd7 11. d4 exd4 12. cxd4 Ne6 13. Nf1 d5 14. exd5 cxd5 15.
Bb3 Rc8 16. Ne3 Nf4 17. Ne5 Be6 18. Qf3 Ng6 19. Nf5 Bb4 20. Rd1 Qb6 21. Bg5 Ne4
22. Bc1 Qd8 23. Ng3 Qh4 24. Nxe4 dxe4 25. Qe3 Nxe5 26. Bxe6 fxe6 27. dxe5 Bc5
28. Qb3 Qxf2+ 29. Kh1 e3 30. Qxe6+ Kh8 31. Rg1 Rce8 0-1

[Event "FSV-ch 2010"]
[Site "Dortmund"]
[Date "2010.07.01"]
[Round "9.12"]
[White "Begna, Bozidar"]
[Black "Maffei, Hendrik"]
[Result "1-0"]
[WhiteElo "1935"]
[BlackElo "1311"]
[PlyCount "91"]
[EventDate "2010.??.??"]

1. e4 g6 2. d4 Bg7 3. Bc4 d6 4. Nc3 Nf6 5. Bf4 O-O 6. Qd2 Re8 7. O-O-O a6 8. f3
b5 9. Bb3 b4 10. Na4 a5 11. g4 Bxg4 12. fxg4 Nxe4 13. Qg2 d5 14. Ne2 e6 15. h4
Nd7 16. Ng3 Nxg3 17. Qxg3 Nf6 18. h5 h6 19. hxg6 fxg6 20. Bxh6 Ne4 21. Qe3 Bxh6
22. Rxh6 Kg7 23. Rdh1 Qg5 24. Rh7+ Kg8 25. Qxg5 Nxg5 26. Rxc7 Rf8 27. c3 Rf2
28. Bc2 bxc3 29. bxc3 Ne4 30. Rhh7 Rf1+ 31. Kb2 Rb8+ 32. Rb7 Rxb7+ 33. Rxb7 Nd6
34. Rb8+ Kg7 35. Bd3 Rf2+ 36. Kb3 Rg2 37. Nc5 Kf6 38. Nd7+ Kg5 39. Ne5 a4+ 40.
Kxa4 Rxa2+ 41. Kb3 Ra1 42. Rg8 Ne4 43. Bxe4 dxe4 44. Rxg6+ Kf4 45. Rf6+ Ke3 46.
Rxe6 1-0

[Event "FSV-ch 2010"]
[Site "Dortmund"]
[Date "2010.07.01"]
[Round "9.13"]
[White "Herrmann, Rudolf"]
[Black "Volmer, Martin"]
[Result "1-0"]
[WhiteElo "1228"]
[BlackElo "1680"]
[PlyCount "101"]
[EventDate "2010.??.??"]

1. d4 d5 2. Nf3 Nf6 3. c4 c6 4. Nc3 dxc4 5. a4 Bf5 6. e3 e6 7. Bxc4 Bb4 8. O-O
O-O 9. Bd2 Nbd7 10. Qb3 a5 11. Na2 Bxd2 12. Nxd2 Qc7 13. f4 Rfd8 14. Bd3 Bxd3
15. Qxd3 Nd5 16. Nf3 Rab8 17. Nc3 Nb4 18. Qe4 Nf6 19. Qb1 Nfd5 20. Nxd5 cxd5
21. Rc1 Qd6 22. Rc3 f6 23. Qf1 Qd7 24. b3 Rdc8 25. Rac1 Rxc3 26. Rxc3 Rc8 27.
Qc1 ({Deutlich besser war} 27. Qb5 $1) 27... Rxc3 28. Qxc3 Qc6 29. Qxc6 bxc6
30. h4 Kf7 31. g4 Ke7 32. Kf2 Kd6 33. Nd2 c5 34. dxc5+ Kxc5 35. Ke2 Nc6 36. h5
e5 37. f5 d4 38. e4 Kb4 39. Kd3 Nd8 40. Kc2 Nb7 41. g5 $1 {
Gut gesehen, obwohl es den Weissen nicht in 
Vorteil bringt.} 41... Nc5 $2 42.
h6 $1 {Schwarz wird ausgehebelt!} 42... gxh6 43. gxf6 d3+ 44. Kb2 Nd7 45. f7
Kc5 46. Nc4 $2 ({
Warum laesst Weiss den gegnerischen Koenig ueberhaupt nach d4? Genauer waren} 
46. Nf3) ({oder} 46. Kc3 $1) 46... Kd4 47. Nxa5 Kxe4 48. Nc4 Kd5 49. Nb6+ $1
Kd6 50. Nxd7 Kxd7 51. f8=Q 1-0

[Event "FSV-ch 2010"]
[Site "Dortmund"]
[Date "2010.07.01"]
[Round "9.15"]
[White "Tautz, Eugen"]
[Black "Raabe, Hans-Ulrich"]
[Result "1/2-1/2"]
[WhiteElo "1397"]
[BlackElo "1424"]
[PlyCount "130"]
[EventDate "2010.??.??"]

1. c4 Nf6 2. Nc3 g6 3. d4 Bg7 4. Nf3 O-O 5. Bf4 d6 6. h3 Nbd7 7. e3 c5 8. Be2
b6 9. O-O Bb7 10. Rc1 Ne4 11. d5 Nxc3 12. bxc3 Nf6 13. Bd3 Bc8 14. e4 Nd7 15.
Re1 Ne5 16. Nxe5 Bxe5 17. Bh6 Bg7 18. Qd2 f6 ({Hier kam durchaus} 18... Bxh6
19. Qxh6 {in Betracht, um die weisse Dame ein wenig ins Abseites zu locken.
Die Schwaechung der schwaren Felder um den schwarzen Koenig spielt keine Rolle,
weil der Anziehende keine Figuren mehr besitzt, die dies ausnutzen koennten.
Es koennte folgen:} 19... e5 20. dxe6 Bxe6 21. Rcd1 Qf6 22. Re3 Rfe8 (22...
Qxc3 $2 23. e5 $1) 23. Be2 Bd7 {und Schwarz besitzt den besseren Laeufer!}) 19.
Bxg7 Kxg7 20. Qf4 Bd7 21. Re3 g5 (21... e5) 22. Qf3 Qe8 23. Qg3 Kh8 24. Rf1 Qh5
25. Be2 Qg6 26. f4 h6 27. f5 Qh7 28. Bh5 Be8 29. Qg4 Kg7 30. h4 Rh8 31. Rh3 Qg8
32. Kf2 Bxh5 33. Qxh5 Qf7 34. Qg4 h5 35. Qe2 g4 36. Rd3 Qe8 37. Qc2 Qd7 38. g3
Rhb8 39. Rb1 Qe8 40. a4 Qd7 41. Rd2 Rb7 42. Qb3 Rab8 43. Rdb2 Kf7 44. Qa3 Ke8
45. Rb5 Kd8 46. a5 bxa5 47. Qxa5+ Qc7 48. Qa6 Rb6 49. Qa3 Ke8 50. Qa4 Kf7 51.
Ke3 a6 52. Rxb6 Rxb6 53. Rxb6 Qxb6 54. Qd7 a5 55. Qb5 Qa7 56. Qa4 Kf8 57. Kd3
Kf7 58. Kc2 Qb6 59. Qb5 Qa7 60. Kb3 Kf8 61. Ka4 Kf7 62. Qxa5 Qb7 63. Qb5 Qa7+
64. Qa5 Qb7 65. Qb5 Qa7+ 1/2-1/2

[Event "FSV-ch 2010"]
[Site "Dortmund"]
[Date "2010.07.01"]
[Round "9.16"]
[White "Kirmes, Hans-Uwe"]
[Black "Vogt, Christian"]
[Result "0-1"]
[WhiteElo "1338"]
[BlackElo "1393"]
[PlyCount "120"]
[EventDate "2010.??.??"]

1. f4 e5 2. fxe5 d6 3. Nf3 dxe5 4. d3 e4 5. dxe4 Qxd1+ 6. Kxd1 Nc6 7. Bf4 Bd6
8. Bxd6 cxd6 9. Nc3 Bg4 10. h3 Bh5 11. g4 Bg6 12. Nh4 O-O-O 13. Bg2 Nf6 14.
Nxg6 hxg6 15. Ke1 Nd4 16. Rc1 Ne6 17. e3 Rhe8 18. Rd1 a6 19. b4 Ng5 20. Rf1 Rd7
21. Rd4 Rc7 22. Kd2 Rd7 23. a4 Ne6 24. Rd3 (24. Rc4+ $1 {
nebst Sc3-d5 und Weiss stuende praktisch auf Gewinn.}) 24... Ng5 25. Rd4 Ne6
26. Rc4+ Kb8 27. Nd5 Nxd5 28. exd5 Nc7 29. Rcf4 ({Etwas besser war} 29. Re4 {
- Materialtausch erleichtert die weisse Gewinnfuehrung.}) 29... f6 30. c4 Rde7
31. Re1 {Hier zeigt sich der Unterschied zur Fortsetzung 29.Te4: Weiss muss
einen seiner Tuerme passiv stellen, weil er es versaeumt hat, ein Turmpaar zu
tauschen bzw. den schwarzen Turm von der e-Linie zu verdraengen.} 31... Re5 32.
b5 $2 {Stellt alle Damenfluegelbauern ohne Not auf die Farbe des eigenen
Laeufers. Eine Todsuende.} ({Korrekt war natuerlich} 32. a5 $1) 32... a5 33.
Kd3 Ka7 ({Auch mittels} 33... Na8 $1 {koennte Schwarz sogleich Profit aus den
im 32. Zug von Weiss geschwaechten schwarzen Feldern ziehen ... Anschliessend
koennte sein Koenig folgen.}) 34. Re4 {Spaete Einsicht!} 34... Kb6 35. Rxe5
Rxe5 36. Kd4 Na8 {Der Zug ist zwar noch gut, aber er haette natuerlich
geschehen muessen, bevor der schwarze Koenig das Feld b6 betritt.} 37. Rf1 Kc7
{Man male sich aus, um wieviel besser Schwarz gar stehen wuerde, wenn er am
Damenfluegel etwas ueberlegter umgruppiert haette. Doch egal, laengst ist eine
Stellung erreicht, in der wegen des grottenschlechten Laeufers der weisse
Mehrbauer kaum noch eine Bedeutung hat!} 38. Be4 Rg5 $2 ({Ein Fehler im
doppelten Sinne: 1. Er haette den Bauern g6 nicht decken, sondern mittels} 
38... g5 {dazu benutzen sollen, auch die weissen Koenigsfluegelbauern auf der
Laeuferfarbe festzulegen. 2. Der schwarze Turm hat sich verlaufen und muesste
bald nach e5 zurueckkehren.}) (38... g5 39. Rh1 Nb6 40. Bc2 Nd7 41. h4 gxh4 42.
Rxh4 Rg5 {und Weiss wird seinen Extra-Bauern kaum je verwerten koennen, z.B.}
43. Bd1 Kb6 44. Rh8 Rg6 {Schwarz wartet einfach ab.} 45. Rh7 (45. Rd8 Kc7)
45... Rg5 46. Rh5 Rxh5 47. gxh5 Nc5 48. Bc2 Kc7 49. Kc3 b6 50. Kd2 Kd7 51. Ke2
Ke7 52. Kf3 f5 $1 53. Kf4 (53. Bxf5 Nxa4 54. Ke4 Kf6 {Und ob man's glaubt oder
nicht: Solche Stellungen kann die Laeuferpartei trotz eines Mehrbauern sogar
verlieren! Ausprobieren!}) 53... Kf6 54. Bxf5 Nxa4 {
und Schwarz sollte auf Gewinn spielen!}) 39. Bf3 (39. Rf4 $1 Nb6 40. h4 Re5 41.
g5 $1 f5 (41... Nxa4 $2 42. gxf6 gxf6 43. Bxg6 Nc5 44. h5 $18) 42. Bc2 Kd7 43.
Bb3 Re7 44. e4 fxe4 45. Rxe4 Rxe4+ 46. Kxe4 Ke7 47. Kd4 Nd7 48. Bc2 Kf7 49. b6
$5 Nc5 (49... Nxb6 50. c5 $1) 50. Bd1 Ke7 51. Kc3 Nd7 52. Bc2 Nc5 53. Bxg6
Nxa4+ 54. Kd4 Nxb6 55. h5 a4 56. Kc3 a3 57. Bb1 Nd7 58. Kb4 Ne5 59. Kxa3 Nxc4+
60. Kb4 Ne5 61. Kb5 Nf3 62. h6 Nxg5 63. hxg7 $11) 39... Nb6 40. Bd1 Nd7 41. h4
Re5 42. Bc2 g5 43. h5 b6 44. Rh1 Re7 45. h6 gxh6 46. Rxh6 Ne5 47. Bf5 Rf7 48.
Be6 Rf8 49. Rh7+ Kb8 50. Bf5 Nf3+ 51. Kc3 Ne5 52. Re7 Rf7 53. Re8+ Kb7 54. Bc8+
Kc7 55. Be6 Rh7 56. Rf8 Kb7 57. Rxf6 Rc7 58. Bf5 Rxc4+ 59. Kd2 Rxa4 60. Rxd6 {
Und wegen} 60... Nc4+ {gab Weiss auf.} 0-1

[Event "FSV-ch 2010"]
[Site "Dortmund"]
[Date "2010.07.01"]
[Round "9.17"]
[White "Rzoczek, Christoph"]
[Black "Benke, Werner"]
[Result "0-1"]
[WhiteElo "1527"]
[BlackElo "1525"]
[PlyCount "78"]
[EventDate "2010.??.??"]

1. d4 d5 2. Bf4 Nf6 3. Nf3 e6 4. e3 Bd6 5. Bg3 O-O 6. Nbd2 Qe7 7. a3 Nbd7 8. c4
c5 9. dxc5 Nxc5 10. b4 Nce4 11. Bd3 Nxd2 12. Qxd2 b6 13. Qc2 dxc4 14. Qxc4 Bb7
15. Ng5 Rac8 16. Qh4 h6 17. Nf3 Rc3 18. Rd1 Rd8 19. Qd4 Nd5 20. Bxd6 Rxd6 21.
Ne5 Qg5 22. Be4 Rc8 23. Nf3 Qe7 24. Qe5 Rcd8 25. O-O Ba6 26. Rfe1 Nf6 27. Rxd6
Rxd6 28. b5 Nxe4 29. Qxe4 Bxb5 30. Nd4 Rd5 31. Rc1 g6 32. Qf4 Kg7 33. Rc7 Rd7
34. Rxd7 Qxd7 35. Qe5+ Kg8 36. Qxb5 Qc7 37. Qc6 Qe7 38. Nb5 Qf6 39. Nc3 Qf5 {
und hier notierten beide Spieler einen Sieg fuer Schwarz. Zeitueberschreitung
darf vermutet werden.} 0-1

[Event "FSV-ch 2010"]
[Site "Dortmund"]
[Date "2010.07.01"]
[Round "9.19"]
[White "Skalweit, Wolfgang"]
[Black "Wickenfeld, Udo"]
[Result "1-0"]
[WhiteElo "1377"]
[BlackElo "1271"]
[PlyCount "99"]
[EventDate "2010.??.??"]

1. f4 Nf6 2. Nf3 g6 3. b3 d5 4. e3 Bg7 5. Bb2 Bg4 6. Be2 Qd6 7. O-O Nbd7 8. Ne5
Be6 9. Nc3 a6 10. Nxd7 Bxd7 11. Bf3 c6 12. Ne2 h5 13. Qe1 O-O-O 14. a4 Rdg8 15.
Ba3 c5 16. d4 b6 17. dxc5 bxc5 18. Qa5 Ne4 19. Rad1 Qc6 20. Bxe4 dxe4 21. Bxc5
Bf6 22. Nd4 Qb7 {(=)} 23. b4 e5 24. fxe5 Bd8 25. Nb5 Bxa5 26. Nd6+ Kc7 27. Nxb7
Kxb7 28. Rxd7+ Kc6 29. Rfd1 Bc7 30. Ba7 Rd8 31. Rxd8 Rxd8 32. Rxd8 Bxd8 {(=)}
33. Bd4 Be7 34. c3 Bd8 35. c4 Be7 36. c5 {Ein schrecklich unaesthetischer und
eigentlich fehlerhafter Zug in allerdings so oder so gewonnener Stellung!} ({
Natuerlich muessen - und das ist der Regelfall - die Bauern auf der Gegenfarbe
zum eigenen Laeufer vorruecken, also:} 36. b5+ axb5 37. axb5+ {
usw. Der schwarze Koenig wird zurueckgeworfen; der Rest ist ein Kinderspiel.})
36... Bd8 37. Kf2 h4 38. g3 g5 39. g4 Kd5 40. b5 axb5 41. axb5 Bc7 42. b6 Bb8
43. h3 Kc6 44. Ke2 Kb5 45. Kd2 Kc6 46. Kc3 Kd5 47. Kb4 Kc6 48. Ka5 Kd7 49. Kb5
Kc8 50. Kc6 1-0

[Event "FSV-ch 2010"]
[Site "Dortmund"]
[Date "2010.07.01"]
[Round "9.21"]
[White "Gerke, Dieter"]
[Black "Strotmann, Dieter"]
[Result "0-1"]
[WhiteElo "1510"]
[BlackElo "1214"]
[PlyCount "74"]
[EventDate "2010.??.??"]

1. d4 Nf6 2. g3 g6 3. Bg2 Bg7 4. e4 d6 5. c4 c6 6. Qc2 O-O 7. Ne2 Nbd7 8. Nbc3
e5 9. Bg5 h6 10. Be3 Ng4 11. O-O Nxe3 12. fxe3 Nf6 13. Rad1 Ng4 14. Rd3 Nxe3
15. Rxe3 exd4 16. Ref3 dxc3 17. Nxc3 Bg4 18. Rd3 Qb6+ 19. Kh1 Rad8 20. h3 Be6
21. b3 f5 22. Rf4 g5 23. Rf1 fxe4 24. Nxe4 Rxf1+ 25. Bxf1 d5 26. c5 Qb4 27. Nd6
Rf8 28. Qe2 Bd7 29. Rf3 Qxc5 30. Nxb7 Qc1 31. Rxf8+ Bxf8 32. Nd8 Bxh3 33. Kg1
Bc5+ 34. Kh2 Qxf1 35. Qe8+ Bf8 36. Qg6+ Bg7 37. Qe8+ Kh7 0-1

[Event "FSV-ch 2010"]
[Site "Dortmund"]
[Date "2010.07.01"]
[Round "9.22"]
[White "Gennat, Egon L"]
[Black "Riepe, Markus"]
[Result "1-0"]
[WhiteElo "1338"]
[BlackElo "852"]
[PlyCount "75"]
[EventDate "2010.??.??"]

1. c4 Nf6 2. Nc3 g6 3. d4 Bg7 4. e4 O-O 5. e5 Ne8 6. f4 d6 7. Nf3 c5 8. dxc5
Qa5 9. cxd6 e6 10. Bd2 Bd7 11. b4 Qd8 12. Bd3 Nc6 13. Rb1 a5 14. b5 Na7 15. c5
Rc8 16. Be3 f6 17. O-O Bh6 18. Qd2 Ng7 19. g4 f5 20. g5 Bxg5 21. Nxg5 h6 22.
Nf3 Qe8 23. a4 Nh5 24. Kh1 Kh8 25. Rg1 Rg8 26. Be2 Qd8 27. Qe1 Rb8 28. Qf2 b6
29. Rg2 Rb7 30. Rbg1 Be8 31. Nh4 Kh7 32. Bxh5 Rbg7 33. Bxg6+ Bxg6 34. Rxg6 Rxg6
35. Rxg6 Rxg6 36. Nxg6 Kxg6 37. cxb6 Qa8+ 38. Qg2+ 1-0

[Event "FSV-ch 2010"]
[Site "Dortmund"]
[Date "2010.07.01"]
[Round "9.23"]
[White "Krüger, Inge"]
[Black "Wilkins, Petra"]
[Result "1-0"]
[WhiteElo "1307"]
[BlackElo "767"]
[PlyCount "95"]
[EventDate "2010.??.??"]

1. d4 d6 2. c4 Nd7 3. Nf3 g6 4. Nc3 Bg7 5. e3 c6 6. Be2 Qc7 7. O-O e5 8. dxe5
dxe5 9. Qc2 Ne7 10. e4 O-O 11. b3 b6 12. Bb2 Bb7 13. Rac1 a6 14. Qb1 b5 15.
cxb5 axb5 16. Nxb5 Qa5 17. Nd6 Qxa2 18. Bc4 Qxb1 19. Rxb1 Ba6 20. Rfd1 Bxc4 21.
bxc4 Bf6 22. Ne1 Nc5 23. f3 Kg7 24. Nc2 Rab8 25. Ba3 Rxb1 26. Rxb1 Na6 27. Rb6
Nb8 28. c5 Bg5 29. g3 f5 30. Kg2 f4 31. h4 Nd7 32. Rb7 fxg3 33. hxg5 h6 34.
gxh6+ Kxh6 35. Rxd7 Rf4 36. Rxe7 g5 37. Nf5+ Kg6 38. Re6+ Kf7 39. Rxc6 g4 40.
fxg4 Rf2+ 41. Kxg3 Rxc2 42. Rc7+ Kf6 43. Bb4 Rc4 44. Bd2 Rxe4 45. Rc6+ Kf7 46.
g5 Re2 47. g6+ Kf8 48. Rc8# 1-0

[Event "FSV-ch 2010"]
[Site "Dortmund"]
[Date "2010.07.01"]
[Round "9.25"]
[White "Da Costa, Pablo"]
[Black "Rabe, Mark"]
[Result "1-0"]
[WhiteElo "1109"]
[BlackElo "1028"]
[PlyCount "109"]
[EventDate "2010.??.??"]

1. e4 e5 2. Nf3 d6 3. Bc4 Nf6 4. Nc3 Bd7 5. Ng5 d5 6. exd5 Nxd5 7. Bxd5 Qxg5 8.
O-O Bh3 9. d4 Qg4 10. Qxg4 Bxg4 11. Bxb7 exd4 12. Bxa8 dxc3 13. Re1+ Be7 14.
bxc3 Kf8 15. Rb1 Nd7 16. Bc6 Nb6 17. Ba3 Be6 18. Bxe7+ Kxe7 19. Rbd1 Kf6 20. h3
Bc4 21. a4 a5 22. Re4 g6 23. h4 h5 24. f3 Rg8 25. g4 Be6 26. g5+ Kg7 27. Red4
Bf5 28. c4 Bxc2 29. R1d2 Bf5 30. c5 Nc8 31. Rd8 Ne7 32. Rxg8+ Kxg8 33. Be4 Bxe4
34. fxe4 Nc6 35. Rd7 Ne5 36. Rxc7 Nf3+ 37. Kf2 Nd2 38. Re7 Kf8 39. Re5 Nc4 40.
Rd5 Ke7 41. Ke2 Nb2 42. Ke3 Nxa4 43. c6 Nb6 44. Rd4 f6 45. gxf6+ Kxf6 46. Kf4
Nc8 47. c7 Kf7 48. e5 Ke6 49. Rd8 Nb6 50. c8=Q+ Nxc8 51. Rxc8 a4 52. Ra8 g5+
53. hxg5 h4 54. Rxa4 h3 55. Ra1 1-0

[Event "FSV-ch 2010"]
[Site "Dortmund"]
[Date "2010.07.01"]
[Round "9.26"]
[White "Stabi, Sabrina"]
[Black "Reker, Gerhard"]
[Result "1/2-1/2"]
[WhiteElo "740"]
[BlackElo "758"]
[PlyCount "57"]
[EventDate "2010.??.??"]

1. e4 e5 2. Nf3 Nc6 3. d4 exd4 4. Nxd4 Nf6 5. Nc3 Bb4 6. f3 O-O 7. Bg5 h6 8.
Bh4 Bc5 9. Nxc6 bxc6 10. Qd2 d5 11. Bf2 d4 12. Na4 Bb6 13. Nxb6 cxb6 $2 ({
Die Partie war fuer Schwarz zwar schon ziemlich verfahren, weil ihm so oder so
der wichtige Bauer d4 verloren geht. Doch hier darf der Hinweis nicht fehlen,
dass das Aufloesen seines Doppelbauern nur scheinbar gut, tatsaechlich jedoch
zu tadeln ist! Um dies zu verstehen, betrachten wir die Vorteile desZurueckschl
agens mit dem a-Bauern:} 13... axb6 $1 {1. Schwarz entwickelt seinen Damenturm
auf eine offene Linie, ohne den Turm selbst ziehen zu muessen. Weiss wird in
der Folge irgendwann ein Tempo aufwenden muessen, um Bauer a2 zu decken. Es
sei daran erinnert, dass der Besitz eines Doppelbauern immer zugleich den
Besitz einer zusaetzlichen Linie, also eines teilweisen Vorteils bedeutet! - 2.
Das Schlagen in Richtung auf das Zentrum verstaerkt den Einfluss auf letzteres.
Nach dem korrekten ...axb6 trifft dies insbesondere auf die Kontrolle des
Feldes d6 zu. Diese Kontrolle bleibt erhalten, wenn Bauer c7 sich nicht von
sein Platz ruehrt. Nach der Partiefortsetzung wird dagegen das Feld d6
unmittelbar schwach, zumal Schwarz auch schon seinen schwarzfeldrigen Laeufer
abgetauscht hat. -  Fazit: Doppelbauern haben oft auch Vorteile. Sie unbedacht
bei erster Gelegenheit aufzuloesen kann ein Fehler sein!}) 14. Bxd4 c5 15. Be3
a5 16. O-O-O Be6 17. Kb1 Qe8 18. Qc3 Rd8 19. Be2 Qa4 20. b3 Qe8 21. Rxd8 Qxd8
22. Rd1 Qe7 23. Bc4 Bc8 24. h4 Nh5 25. Qe1 Qc7 26. f4 Nxf4 27. Bxf4 Qxf4 28. g3
Qe5 29. Qe3 1/2-1/2